01145nam a2200277Ia 450000500170000000800410001702000220005810000440008024501430012425000390026730000430030649000280034950501150037765000650049265000460055765000410060370000250064494200150066926400330068433600270071733700330074433800280077704000350080508400120084099900150085220220317001132.0160825s2008 ck a g 000 0 spa  a9,7895830085e+0121 aBergdolt de Walschburger, Ute Elisabeth13aEl tesoro de Tibabuyesby otros mitos y leyendas de nuestra AméricacUte Elisabeth Bergdolt de Walschburger ; ilustrado por Boris Greiff a1a. edición b3a. reimpresión  a126 páginas bilustraciones c21 cm  aLetras latinoamericanas aArgentina -- Bolivia -- Chile -- Colombia -- Ecuador -- México -- Paraguay -- Perú -- Uruguay -- Venezuela142LEMBaLeyendas indígenas vColecciones zAmérica latina 142LEMBaCuentos populares latinoamericanos 142LEMB aMitología en la literatura 1 aGreiff, Boris966639 2loccBKLIT aBogotábPanamericanac2008 atextobtxt2rdacontent asin mediaciónbn2rdamedia avolumenbnc2rdacarrier aCO-BoRNBPbspaerdacCO-BoRNBP aLM BER7 c6031d6031